Top 100 meilleurs rebondeurs NBA - Statistiques

Statistiques générales
  • Ce quiz a été pris 319 fois
    99 depuis la dernière actualisation
  • Le résultat moyen est 34 sur 100
Statistiques - réponses
Rebonds Joueur Equipes % Correct
17440 Kareem Abdul-Jabbar Milwaukee Bucks, Los Angeles Lakers
91%
23924 Wilt Chamberlain Philadelphia Warriors, San Francisco Warriors, Philadelphia 76ers, Los Angeles Lakers
91%
15091 Tim Duncan San Antonio Spurs
90%
11185 LeBron James Cleveland Cavaliers, Miami Heat, Los Angeles Lakers
88%
21620 Bill Russell Boston Celtics
85%
13099 Shaquille O'Neal Orlando Magic, Los Angeles Lakers, Miami Heat, Phoenix Suns, Cleveland Cavaliers, Boston Celtics
85%
10501 DeAndre Jordan Los Angeles Clippers, Dallas Mavericks, New York Knicks, Brooklyn Nets, Los Angeles Lakers, Denver Nuggets
84%
13748 Hakeem Olajuwon Houston Rockets, Toronto Raptors
81%
14662 Kevin Garnett Minnesota Timberwolves, Boston Celtics, Brooklyn Nets
81%
11954 Dennis Rodman Detroit Pistons, San Antonio Spurs, Chicago Bulls, Los Angeles Lakers, Dallas Mavericks
79%
14968 Karl Malone Utah Jazz, Los Angeles Lakers
79%
16212 Moses Malone Utah Stars, St. Louis Spirits, Buffalo Braves, Houston Rockets, Philadelphia 76ers, Washington Bullets, Atlanta Hawks, Milwaukee Bucks, San Antonio Spurs
78%
10497 David Robinson San Antonio Spurs
76%
14627 Dwight Howard Orlando Magic, Los Angeles Lakers, Houston Rockets, Atlanta Hawks, Charlotte Hornets, Washington Wizards, Philadelphia 76ers
69%
7428 Juwan Howard Washington Bullets / Wizards, Dallas Mavericks, Denver Nuggets, Orlando Magic, Houston Rockets, Charlotte Bobcats, Portland Trail Blazers, Miami Heat
69%
11489 Dirk Nowitzki Dallas Mavericks
68%
8307 Russell Westbrook Oklahoma City Thunder, Houston Rockets, Washington Wizards, Los Angeles Lakers, Los Angeles Clippers
65%
11607 Patrick Ewing New York Knicks, Seattle Supersonics, Orlando Magic
63%
12546 Charles Barkley Philadelphia 76ers, Phoenix Suns, Houston Rockets
57%
7804 Oscar Robertson Cincinnati Royals, Milwaukee Bucks
57%
11305 Pau Gasol Memphis Grizzlies, Los Angeles Lakers, Chicago Bulls, San Antonio Spurs, Milwaukee Bucks
57%
7379 Gus Johnson Baltimore Bullets, Phoenix Suns, Indiana Pacers
56%
8974 Larry Bird Boston Celtics
56%
8915 Rudy Gobert Utah Jazz, Minnesota Timberwolves
54%
12359 Dikembe Mutombo Denver Nuggets, Atlanta Hawks, Philadelphia 76ers, New Jersey Nets, New York Knicks, Houston Rockets
53%
12849 Bob Pettit Milwaukee Hawks, St Louis Hawks
50%
7454 Kevin Durant Oklahoma City Thunder, Golden State Warriors, Brooklyn Nets, Phoenix Suns
50%
10482 Ben Wallace Washington Bullets / Wizards, Orlando Magic, Detroit Pistons, Chicago Bulls, Cleveland Cavaliers
46%
16279 Elvin Hayes San Diego Rockets, Houston Rockets, Baltimore Bullets, Capital Bullets, Washington Bullets
46%
7404 Rasheed Wallace Washington Bullets, Portland Trail Blazers, Atlanta Hawks, Detroit Pistons, Boston Celtics, New York Knicks
46%
7826 Anthony Davis New Orleans Pelicans, Los Angeles Lakers
44%
8605 Dale Davis Indiana Pacers, Portland Trail Blazers, Golden State Warriors, Detroit Pistons
44%
8834 Shawn Kemp Seattle SuperSonics, Cleveland Cavaliers, Portland Trail Blazers, Orlando Magic
44%
9403 Kevin Love Minnesota Timberwolves, Cleveland Cavaliers, Miami Heat
43%
7592 Chris Bosh Toronto Raptors, Miami Heat
41%
10671 Andre Drummond Detroit Pistons, Cleveland Cavaliers, Los Angeles Lakers, Philadelphia 76ers, Brooklyn Nets, Chicago Bulls
40%
14715 Robert Parish Golden State Warriors, Boston Celtics, Charlotte Hornets, Chicago Bulls
40%
13769 Wes Unseld Baltimore / Capital / Washington Bullets
40%
9473 A.C. Green Los Angeles Lakers, Phoenix Suns, Dallas Mavericks, Miami Heat
38%
9083 Johnny Green New York Knicks, Baltimore Bullets, San Diego Rockets, Philadelphia 76ers, Cincinnati Royals / Kansas City-Omaha Kings
38%
7494 Scottie Pippen Chicago Bulls, Houston Rockets, Portland Trail Blazers
37%
7732 Giannis Antetokounmpo Milwaukee Bucks
35%
7527 Paul Pierce Boston Celtics, Brooklyn Nets, Washington Wizards, Los Angeles Clippers
35%
8048 Bob McAdoo Buffalo Braves, New York Knicks, Boston Celtics, Detroit Pistons, New Jersey Nets, Los Angeles Lakers, Philadelphia 76ers
31%
7808 Carmelo Anthony Denver Nuggets, New York Knicks, Oklahoma City Thunder, Houston Rockets, Portland Trail Blazers
31%
8725 Jason Kidd Dallas Mavericks, Phoenix Suns, New Jersey Nets, New York Knicks
31%
11463 Elgin Baylor Minneapolis Lakers, Los Angeles Lakers
29%
8414 Willis Reed New York Knicks
29%
8736 LaMarcus Aldridge Portland Trail Blazers, San Antonio Spurs, Brooklyn Nets
28%
8574 Al Horford Atlanta Hawks, Boston Celtics, Philadelphia 76ers, Oklahoma City Thunder
26%
8125 Larry Smith Golden State Warriors, Houston Rockets, San Antonio Spurs
26%
9435 Nikola Vucevic Philadelphia 76ers, Orlando Magic, Chicago Bulls
26%
9161 Artis Gilmore Chicago Bulls, San Antonio Spurs, Boston Celtics
25%
10400 Bill Laimbeer Cleveland Cavaliers, Detroit Pistons
24%
13017 Buck Williams New Jersey Nets, Portland Trail Blazers, New York Knicks
24%
8007 John Havlicek Boston Celtics
24%
10467 Tyson Chandler Chicago Bulls, New Orleans Hornets, Charlotte Bobcats, Dallas Mavericks, New York Knicks, Phoenix Suns, Los Angeles Lakers, Houston Rockets
24%
12205 Charles Oakley Chicago Bulls, New York Knicks, Toronto Raptors, Washington Wizards, Houston Rockets
22%
14464 Nate Thurmond San Francisco Warriors, Chicago Bulls, Cleveland Cavaliers
22%
10208 Zach Randolph Portland Trail Blazers, New York Knicks, Los Angeles Clippers, Memphis Grizzlies, Sacramento Kings
22%
7663 Caldwell Jones Philadelphia 76ers, Houston Rockets, Chicago Bulls, Portland Trail Blazers, San Antonio Spurs
21%
10444 Dave Cowens Boston Celtics, Milwaukee Bucks
21%
9513 Marcus Camby Toronto Raptors, New York Knicks, Denver Nuggets, Los Angeles Clippers, Portland Trail Blazers, Houston Rockets
21%
14241 Walt Bellamy Chicago Packers, Chicago Zephyrs, Baltimore Bullets, New York Knicks, Detroit Pistons, Atlanta Hawks, New Orleans Jazz
21%
8124 Chris Webber Golden State Warriors, Washington Bullets/Wizards, Sacramento Kings, Philadelphia 76ers, Detroit Pistons
19%
9443 Horace Grant Chicago Bulls, Orlando Magic, Seattle SuperSonics, Los Angeles Lakers
19%
9326 Vlade Divac Los Angeles Lakers, Charlotte Hornets, Sacramento Kings
19%
9698 Bob Lanier Detroit Pistons, Milwaukee Bucks
15%
11256 Dolph Schayes Syracuse Nationals, Philadelphia 76ers
15%
10101 Shawn Marion Phoenix Suns, Miami Heat, Toronto Raptors, Dallas Mavericks, Cleveland Cavaliers
15%
12942 Jerry Lucas Cincinnati Royals, San Francisco Warriors, New York Knicks
13%
8096 Jonas Valanciunas Toronto Raptors, Memphis Grizzlies, New Orleans Pelicans
13%
7520 Maurice Lucas Portland Trail Blazers, New Jersey Nets, New York Knicks, Phoenix Suns, Los Angeles Lakers, Seattle SuperSonics
13%
9618 Dave DeBusschere Detroit Pistons, New York Knicks
12%
7673 Paul Millsap Utah Jazz, Atlanta Hawks, Denver Nuggets, Brooklyn Nets
12%
8409 P.J. Brown New Jersey Nets, Miami Heat, Charlotte Hornets/New Orleans Hornets, Chicago Bulls, Boston Celtics
12%
7690 Al Jefferson Boston Celtics, Minnesota Timberwolves, Utah Jazz, Charlotte Bobcats / Hornets, Indiana Pacers
10%
8192 Carlos Boozer Cleveland Cavaliers, Utah Jazz, Chicago Bulls, Los Angeles Lakers
10%
11901 Kevin Willis Atlanta Hawks, Miami Heat, Golden State Warriors, Houston Rockets, Toronto Raptors, Denver Nuggets, San Antonio Spurs, Dallas Mavericks
10%
7666 Sam Perkins Dallas Mavericks, Los Angeles Lakers, Seattle SuperSonics, Indiana Pacers
10%
8157 Antawn Jamison Golden State Warriors, Dallas Mavericks, Washington Wizards, Cleveland Cavaliers, Los Angeles Lakers, Los Angeles Clippers
9%
9040 Elton Brand Chicago Bulls, Los Angeles Clippers, Philadelphia 76ers, Dallas Mavericks, Atlanta Hawks
9%
10816 Jack Sikma Seattle SuperSonics, Milwaukee Bucks
9%
7352 Larry Nance Phoenix Suns, Cleveland Cavaliers
9%
10370 Otis Thorpe Kansas City/Sacramento Kings, Houston Rockets, Portland Trail Blazers, Detroit Pistons, Vancouver Grizzlies, Washington Wizards, Miami Heat, Charlotte Hornets
9%
7626 Clyde Lee San Francisco / Golden State Warriors, Atlanta Hawks, Philadelphia 76ers
7%
8059 Lamar Odom Los Angeles Clippers, Miami Heat, Los Angeles Lakers, Dallas Mavericks
7%
8630 Terry Cummings San Diego Clippers, Milwaukee Bucks, San Antonio Spurs, Seattle SuperSonics, Philadelphia 76ers, New York Knicks, Golden State Warriors
7%
7638 Antonio McDyess Denver Nuggets, Phoenix Suns, New York Knicks, Detroit Pistons, San Antonio Spurs
6%
12357 Paul Silas St. Louis / Atlanta Hawks, Phoenix Suns, Boston Celtics, Denver Nuggets, Seattle SuperSonics
4%
10092 Johnny Kerr Syracuse Nationals / Philadelphia 76ers, Baltimore Bullets
3%
8041 Larry Foust Fort Wayne Pistons, Minneapolis Lakers, St. Louis Hawks
3%
8709 Leroy Ellis Los Angeles Lakers, Baltimore Bullets, Portland Trail Blazers, Philadelphia 76ers
3%
9383 Bailey Howell Detroit Pistons, Baltimore Bullets, Boston Celtics, Philadelphia 76ers
1%
11054 Bill Bridges St. Louis / Atlanta Hawks, Philadelphia 76ers, Los Angeles Lakers, Golden State Warriors
1%
7492 James Donaldson Seattle SuperSonics, San Diego / Los Angeles Clippers, Dallas Mavericks, New York Knicks, Utah Jazz
1%
8646 Michael Cage Los Angeles Clippers, Seattle SuperSonics, Cleveland Cavaliers, Philadelphia 76ers, New Jersey Nets
1%
9687 Sam Lacey Cincinnati Royals / Kansas City-Omaha Kings / Kansas City Kings, New Jersey Nets, Cleveland Cavaliers
1%
8019 Happy Hairston Cincinnati Royals, Detroit Pistons, Los Angeles Lakers
0%
7544 Wayne Embry Cincinnati Royals, Boston Celtics, Milwaukee Bucks
0%
Aucun quiz correspondant
Distribution des résultats
% des personnes avec chaque résultat
Percentile par nombre de réponses
Votre historique - résultats
Vous n’avez pas pris ce quiz depuis la dernière actualisation